Innovative developments in rubber processing technology (Record no. 61426)
[ view plain ]
| 000 -LEADER | |
|---|---|
| fixed length control field | 00381nam a2200145Ia 4500 |
| 100 ## - MAIN ENTRY--AUTHOR NAME | |
| Personal name | Mukhopadhyay R |
| 245 #0 - TITLE STATEMENT | |
| Title | Innovative developments in rubber processing technology |
| 260 ## - PUBLICATION, DISTRIBUTION, ETC. (IMPRINT) | |
| Name of publisher | Rubber Asia |
| Year of publication | 1995 |
| 300 ## - PHYSICAL DESCRIPTION | |
| Number of Pages | 111-119 |
| 650 ## - SUBJECT ADDED ENTRY--TOPICAL TERM | |
| Topical Term | Calendering |
| 650 ## - SUBJECT ADDED ENTRY--TOPICAL TERM | |
| Topical Term | Natural rubber |
| 650 ## - SUBJECT ADDED ENTRY--TOPICAL TERM | |
| Topical Term | Rubber processing |
| 942 ## - ADDED ENTRY ELEMENTS (KOHA) | |
| Koha item type | Journals |
| Withdrawn status | Lost status | Damaged status | Not for loan | Home library | Current library | Shelving location | Date acquired | Serial Enumeration / chronology | Koha item type |
|---|---|---|---|---|---|---|---|---|---|
| Journals | RRII Library | RRII Library | Rubber chemistry | 16/10/1995 | Volume 9, Issue 3 | Journals |